Výšivky

Bibliographic Details
Main Author: Mannová, Marta (Author)
Format: Book
Language:Slovak
PhysicalDescription:146 s.
Published: Bratislava Práca 1975
Edition:3. vyd.
Series:Knižnica praktických príručiek práce
Subjects:

MARC

LEADER 00000aam a2200000 a 4500
001 vtls001292204
003 SK-MaSNL
005 20260301064949.0
008 240315s1975 xo o g 0 000 slo
035 |a SNK000243904 
040 |a SNK  |b slo  |c SNK  |e AACR2 
041 0 |a slo 
044 |a xo  |c SK 
072 7 |a 74  |x Kresba. Umelecké remeslá  |2 konspekt 
080 |a 746.3:391  |2 2001 
100 1 |a Mannová, Marta  |4 aut  |9 356053 
245 1 0 |a Výšivky  |c Marta Mannová 
250 |a 3. vyd. 
260 |a Bratislava  |b Práca  |c 1975 
300 |a 146 s. 
490 1 |a Knižnica praktických príručiek práce  |v zv. 1/75 
650 0 7 |a ľudové výšivky  |2 SNKPH  |9 82603 
830 0 |a Knižnica praktických príručiek práce  |9 278892 
852 |a Štátna vedecká knižnica v Banskej Bystrici 
958 |a OND 
999 |c 628896  |d 630826 
952 |t P60, <04>, [BOOK], {604}  |a SNK  |b SNK  |y VYP  |7 0  |p 17A0074149  |o snkSB 22138 D1  |0 0  |1 0  |4 0  |d 1997-06-26  |l 0  |r 2005-01-02 00:00:00  |w 2026-02-23 
952 |a SNK  |b SNK  |y PREZ  |7 0  |p 17A0923890  |o snkSB 22138  |0 0  |1 0  |4 0  |d 2012-07-24  |l 0  |r 2025-03-26 00:00:00  |w 2026-02-23